[Event "Prague op-B 19th"]
[Site "Prague"]
[Date "2020.01.11"]
[Round "2"]
[White "Lu, Miaoyi"]
[Black "Chugunov, Arkadiy"]
[Result "1-0"]
[WhiteElo "1734"]
[BlackElo "1080"]
[PlyCount "33"]
[EventDate "2020.01.10"]
[EventType "swiss"]
[EventRounds "9"]
[EventCountry "CZE"]
[SourceTitle "CBM 195 Extra"]
[Source "ChessBase"]
[SourceDate "2020.05.31"]
[SourceVersion "1"]
[SourceVersionDate "2020.05.31"]
[SourceQuality "1"]

1. d4 Nf6 2. c4 e5 3. dxe5 Ng4 4. e3 Nxe5 5. f4 Nec6 6. Nf3 Bb4+ 7. Bd2 d5 8. Bxb4 Nxb4 9. a3 N4c6 10. cxd5 Ne7 11. Nc3 0-0 12. Bd3 Nxd5 13. Nxd5 g6 14. Nc3 Bf5 15. Bxf5 Qxd1+ 16. Rxd1 gxf5 17. Nd4 1-0

[Event "Reykjavik op"]
[Site "Reykjavik"]
[Date "2019.04.11"]
[Round "5"]
[White "Chugunov, Arkadiy"]
[Black "Steingrimsson, Karl Egill"]
[Result "0-1"]
[WhiteElo "1012"]
[BlackElo "1633"]
[PlyCount "55"]
[EventDate "2019.04.08"]
[EventType "swiss"]
[EventRounds "9"]
[EventCountry "ISL"]
[SourceTitle "CBM 189 Extra"]
[Source "ChessBase"]
[SourceDate "2019.06.03"]
[SourceVersion "1"]
[SourceVersionDate "2019.06.03"]
[SourceQuality "1"]

1. e4 d6 2. Nc3 Nf6 3. Nf3 e6 4. d4 c6 5. e5 dxe5 6. dxe5 Nd5 7. Nxd5 cxd5 8. c4 Bb4+ 9. Bd2 Bxd2+ 10. Qxd2 0-0 11. cxd5 exd5 12. Bd3 h6 13. 0-0 Nc6 14. Bc2 Bg4 15. Nd4 Nxe5 16. f4 Nc6 17. h3 Bc8 18. g4 Qb6 19. Rad1 Bd7 20. Qd3 f5 21. Rf2 Nxd4 22. gxf5 Nxc2 23. Qxd5+ Rf7 24. f6 Ne3 25. Qxf7+ Kxf7 26. Rxd7+ Kxf6 27. Re2 Nf5+ 28. Kh2 0-1

[Event "Prague-G"]
[Site "Prague"]
[Date "2019.03.12"]
[Round "5.3"]
[White "Chugunov, Arkadiy"]
[Black "Stary, Vojtech"]
[Result "0-1"]
[WhiteElo "1000"]
[BlackElo "1357"]
[PlyCount "118"]
[EventDate "2019.03.09"]
[EventType "tourn"]
[EventRounds "9"]
[EventCountry "CZE"]
[SourceTitle "CBM 189 Extra"]
[Source "ChessBase"]
[SourceDate "2019.06.03"]
[SourceVersion "1"]
[SourceVersionDate "2019.06.03"]
[SourceQuality "1"]

1. e4 e5 2. Nf3 Nc6 3. Bb5 a6 4. Bxc6 dxc6 5. Nc3 Bg4 6. d3 Be7 7. h3 Bxf3 8. Qxf3 Nf6 9. Qg3 Qd6 10. Qxg7 Rg8 11. Qh6 Rxg2 12. Bg5 Ng8 13. Qxd6 cxd6 14. Bxe7 Nxe7 15. Kf1 Rg6 16. Ke2 Kd7 17. Rhg1 Rag8 18. Rxg6 Nxg6 19. Rh1 Nf4+ 20. Kf3 Ne6 21. Rc1 Ng5+ 22. Ke3 Nxh3 23. Rh1 Ng5 24. d4 Rh8 25. dxe5 dxe5 26. Rf1 h5 27. f4 exf4+ 28. Rxf4 Ke7 29. Rh4 Kf6 30. Ne2 Ne6 31. Nf4 Nxf4 32. Kxf4 Kg6 33. a3 Rd8 34. Rh2 Rd1 35. e5 Rf1+ 36. Ke4 Kg5 37. Rg2+ Kh4 38. Rg7 Kh3 39. a4 h4 40. b4 Kh2 41. c4 h3 42. b5 axb5 43. axb5 cxb5 44. cxb5 Kh1 45. Ke3 h2 46. Ke2 Rf5 47. b6 Rxe5+ 48. Kf1 Rf5+ 49. Ke2 Rf6 50. Ke1 Rxb6 51. Rxf7 Rb1+ 52. Kf2 b5 53. Rb7 b4 54. Rb6 b3 55. Ke2 b2 56. Kf2 Rg1 57. Rxb2 Rg2+ 58. Kf1 Rxb2 59. Ke1 Kg2 0-1